World Cup 2026 Debuting Players - Statistics

General Stats
  • This quiz has been taken 34 times
    21 since last reset
  • The average score is 20 of 26
Answer Stats
Player Country Club % Correct
Erling HAALAND Norway Manchester City
100%
Lamine YAMAL Spain FC Barcelona
95%
Alexander ISAK Sweden Liverpool FC
90%
Michael OLISE France Bayern Munich
90%
Willian PACHO Ecuador Paris Saint-Germain
90%
Cole PALMER England Chelsea FC
85%
Désiré DOUÉ France Paris Saint-Germain
85%
Florian WIRTZ Germany Liverpool FC
85%
GABRIEL Magalhães Brazil Arsenal FC
85%
João NEVES Portugal Paris Saint-Germain
85%
Martin ØDEGAARD Norway Arsenal FC
85%
Scott McTOMINAY Scotland SSC Napoli
85%
FABIÁN Ruiz Spain Paris Saint-Germain
80%
Luis DIAZ Colombia Bayern Munich
80%
Viktor GYÖKERES Sweden Arsenal FC
80%
Álex GRIMALDO Spain Bayer Leverkusen
75%
Hakan ÇALHANOĞLU Turkey Inter Milan
75%
Mike MAIGNAN France AC Milan
75%
Omar MARMOUSH Egypt Manchester City
75%
Patrick SCHICK Czechia Bayer Leverkusen
75%
Tijjani REIJNDERS Netherlands Manchester City
70%
Ryan GRAVENBERCH Netherlands Liverpool FC
65%
Marc CUCURELLA Spain Chelsea FC
60%
Ollie WATKINS England Aston Villa
55%
Álex BAENA Spain Atletico Madrid
40%
Oihan SANCET Spain Athletic Club
30%
No matching quizzes found
Score Distribution
Percent of People with Each Score
Percentile by Number Answered
Your Score History
You have not taken this quiz since the last reset